Actitudes patriarcales : las mujeres en la sociedad /
Gorde:
| Egile nagusia: | |
|---|---|
| Beste egile batzuk: | |
| Formatua: | Liburua |
| Hizkuntza: | gaztelania |
| Argitaratua: |
Madrid, España :
Alianza,
1980, c1980
|
| Edizioa: | 2a edición |
| Saila: | (El Libro de Bolsillo ; Humanidades)
396. |
| Gaiak: | |
| Etiketak: |
Etiketarik gabe, Izan zaitez lehena erregistro honi etiketa jartzen!
|
MARC
| LEADER | 00000nam^a2200000^a^4500 | ||
|---|---|---|---|
| 001 | 000187093 | ||
| 005 | 20250521000000.0 | ||
| 009 | 20260310102247.736 | ||
| 020 | |a 84-206-1396-7 | ||
| 037 | |a Acervo ITESO - Biblioteca | ||
| 041 | |a ESP | ||
| 082 | |a 305. 3 |b FIG | ||
| 100 | |a Figes, Eva |e (autor) | ||
| 245 | 1 | 0 | |a Actitudes patriarcales : |b las mujeres en la sociedad / |c E. Figes ; tr. por C. Martín Gaite. |
| 250 | |a 2a edición | ||
| 264 | 4 | |a Madrid, España : |b Alianza, |c 1980, c1980 | |
| 300 | |a 207 p. | ||
| 336 | |a texto |b txt |2 rdacontenido | ||
| 337 | |a sin mediación |b n |2 rdamedio | ||
| 338 | |a volumen |b nc |2 rdasoporte | ||
| 440 | 4 | |a (El Libro de Bolsillo ; |v 396. |p Humanidades) | |
| 500 | |a Traducción de: Patriarchal Attitudes. Women in Society | ||
| 649 | |a XX | ||
| 650 | |a Filósofos Suizos | ||
| 650 | |a Identidad de Género | ||
| 650 | |a Androcentrismo | ||
| 650 | |a Patriarcado | ||
| 650 | |a Hombre (Teología) | ||
| 650 | |a Dios | ||
| 650 | |a Teología Doctrinal | ||
| 650 | |a Ilustración (Filosofía) - |x Historia y Crítica | ||
| 650 | |a Filosofía Moderna - |x Historia y Crítica | ||
| 650 | |a Antropología Cultural | ||
| 650 | |a Rousseau, Jean-Jacques | ||
| 700 | |a Martín Gaite, Carmen |e (traducción) | ||
| 910 | |a Fondo General | ||
| 920 | |a Impresos - Libros | ||
| 930 | |a Colección General | ||
| 905 | |a 101 | ||
| 901 | |a 0500128996 |b IT1 |c ACC |u 20250521 | ||
| 902 | |a https://opac.biblio.iteso.mx/vufind/Record/000187093 | ||